Смерть Пушкина (Запись № 5678291)

Подробности
000 -МАРКЕР
контрольное поле 02736nam0a22004211 4500
001 - ИДЕНТИФИКАТОР ЗАПИСИ
контрольное поле v19\rc\1836466
005 - ИДЕНТИФИКАТОР ВЕРСИИ
контрольное поле 20241219101114.0
035 ## - ДРУГИЕ СИСТЕМНЫЕ НОМЕРА
Идентификатор записи (NLR Aleph) 004930874
100 ## - ДАННЫЕ ОБЩЕЙ ОБРАБОТКИ
Данные общей обработки 20131026e19081908|||y0rusy50 ca
101 0# - ЯЗЫК РЕСУРСА
Язык текста, звукозаписи и т.д. русский
102 ## - СТРАНА ПУБЛИКАЦИИ ИЛИ ПРОИЗВОДСТВА
Страна публикации Российская Федерация
105 ## - ПОЛЕ КОДИРОВАННЫХ ДАННЫХ: ТЕКСТОВЫЕ МАТЕРИАЛЫ, МОНОГРАФИЧЕСКИЕ
Кодированные данные о монографическом текстовом документе y z |||||
200 1# - ЗАГЛАВИЕ И СВЕДЕНИЯ ОБ ОТВЕТСТВЕННОСТИ
Основное заглавие Смерть Пушкина
Сведения, относящиеся к заглавию (Пять писем 1837 г.)
Первые сведения об ответственности Б. Модзалевский
210 ## - ПУБЛИКАЦИЯ, РАСПРОСТРАНЕНИЕ И ДР.
Место издания, распространения и т.д. Санкт-Петербург
Имя издателя, распространителя и т. д. тип. Имп. Акад. наук
Дата издания, распространения и т.д. 1908
215 ## - ФИЗИЧЕСКАЯ ХАРАКТЕРИСТИКА
Специфическое обозначение материала и объем [2], 19 с.
Размеры 25
311 ## - ПРИМЕЧАНИЯ, ОТНОСЯЩИЕСЯ К ПОЛЯМ СВЯЗИ (ПРИМЕЧАНИЯ О СВЯЗИ С ДРУГИМИ ПРОИЗВЕДЕНИЯМИ (ИЗДАНИЯМИ))
Текст примечания Отт. из изд.: Пушкин и его современники. Вып. 6
327 0# - ПРИМЕЧАНИЯ О СОДЕРЖАНИИ
Текст примечания С. 6-19: 1. И.Т. Калашников - П.А. Соловцову. 12 февр. 1837. 2. А.Ф. Воейков - А.Я. Стороженку. 4 февр. 1837. 3. А.Н. Мордвинов - А.Н. Пещурову. 2 февр. 1837. 4. А.И. Тургенев - А.Н. Пещурову. 13 февр. 1837. 5. А.И. Тургенев - А.Н. Пещурову. Февр. 1837
464 #0 - АНАЛИТИЧЕСКИЙ УРОВЕНЬ
Встроенное поле 2001#$aИ.Т. Калашников - П.А. Соловцову. 12 февр. 1837
-- 215##$aС. 6-19
-- 700#1$aКалашников$bИ.Т.
-- 702#1$aСоловцов$bП.А.$4660
464 #0 - АНАЛИТИЧЕСКИЙ УРОВЕНЬ
Встроенное поле 2001#$aА.Ф. Воейков - А.Я. Стороженку. 4 февр. 1837
-- 215##$aС. 6-19
-- 700#1$aВоейков$bА.Ф.$f1779-1839$gАлександр Федорович
-- 702#1$aСтороженко$bА.Я.$f1790-1858$gАндрей Яковлевич$4660
464 #0 - АНАЛИТИЧЕСКИЙ УРОВЕНЬ
Встроенное поле 2001#$aА.Н. Мордвинов - А.Н. Пещурову. 2 февр. 1837
-- 215##$aС. 6-19
-- 700#1$aМордвинов$bА.Н.
-- 702#1$aПещуров$bА.Н.$4660
464 #0 - АНАЛИТИЧЕСКИЙ УРОВЕНЬ
Встроенное поле 2001#$aА.И. Тургенев - А.Н. Пещурову. 13 февр. 1837$aА.И. Тургенев - А.Н. Пещурову. Февр. 1837
-- 215##$aС. 6-19
-- 700#1$aТургенев$bА.И.$f1784-1845$gАлександр Иванович
-- 702#1$aПещуров$bА.Н.$4660
488 #0 - ДРУГИЕ ВЗАИМОСВЯЗАННЫЕ ПРОИЗВЕДЕНИЯ (ДОКУМЕНТЫ)
Встроенное поле 2001#$aПушкин и его современники$vВып. 6
-- 702#1$aПушкин$bА. С.$cпоэт$f1799-1837$gАлександр Сергеевич$3RU\NLR\AUTH\77386$4570
700 #1 - ИМЯ ЛИЦА - ПЕРВИЧНАЯ ОТВЕТСТВЕННОСТЬ
Начальный элемент ввода Модзалевский
Часть имени, кроме начального элемента ввода Б. Л.
Даты 1874-1928
Расширение инициалов личного имени Борис Львович
702 #1 - ИМЯ ЛИЦА - ВТОРИЧНАЯ ОТВЕТСТВЕННОСТЬ
Начальный элемент ввода Пушкин
Часть имени, кроме начального элемента ввода А. С.
Дополнения к именам, кроме дат поэт
Даты 1799-1837
Расширение инициалов личного имени Александр Сергеевич
Идентификатор авторитетной/нормативной записи RU\NLR\AUTH\77386
Код отношения Прочие
801 #0 - ИСТОЧНИК ЗАПИСИ
Страна Российская Федерация
Организация NLR
Правила каталогизации psbo
801 #0 - ИСТОЧНИК ЗАПИСИ
Страна Российская Федерация
Организация RuMoRGB
Источник данных psbo
801 #1 - ИСТОЧНИК ЗАПИСИ
Страна Российская Федерация
Организация ProSoft-M
Источник данных rusmarc
852 ## - МЕСТОНАХОЖДЕНИЕ И ШИФР ХРАНЕНИЯ
Идентификатор организации NLR
Шифр хранения (Call Number) 37.63.1.88
852 ## - МЕСТОНАХОЖДЕНИЕ И ШИФР ХРАНЕНИЯ
Идентификатор организации NLR
Наименование фонда или коллекции (Sub-Location Identifier) Мф
Шифр хранения (Call Number) К1/6085
899 ## - ДАННЫЕ О МЕСТОНАХОЖДЕНИИ (устаревшее)
Местонахождение RuMoRGB
Шифр хранения R 449/399
899 ## - ДАННЫЕ О МЕСТОНАХОЖДЕНИИ (устаревшее)
Местонахождение RuMoRGB
Шифр хранения Ф 1-73/16712
899 ## - ДАННЫЕ О МЕСТОНАХОЖДЕНИИ (устаревшее)
Местонахождение RuMoRGB
Шифр хранения Ф 1-80/227
899 ## - ДАННЫЕ О МЕСТОНАХОЖДЕНИИ (устаревшее)
Местонахождение БАН
899 ## - ДАННЫЕ О МЕСТОНАХОЖДЕНИИ (устаревшее)
Местонахождение ГПИБ
942 ## - ДОПОЛНИТЕЛЬНЫЕ ЭЛЕМЕНТЫ ЗАПИСИ (АБИС)
Тип экземпляра АБИС Книга
980 ## - КОЛЛЕКЦИЯ
Название коллекции Национальная библиография
Экземпляры
Тип экземпляра Дата поступления Библиотека постоянного хранения Библиотека текущего хранения Место хранения Шифр хранения Штрих-код Статус экземпляра
Микрофильм 26.10.2013 РНБ (Московский) РНБ (Московский) Фонд микроформ Мф К1/6085 4930874-20  
Книга 26.10.2013 РНБ (Садовая) РНБ (Садовая) Русский книжный фонд -Главное здание, Ленинский читальный зал 37.63.1.88 1-3860843  
Книга 26.10.2013 РНБ (Садовая) РНБ (Садовая) Русский книжный фонд -Главное здание, Ленинский читальный зал 37.63.1.88а 1-4544424